000 00382nam a2200109Ia 4500
008 160909s9999 xx 000 0 und d
100 _aGaikwad, Neha Kiran
245 _aEasy care home health agency – Business plan
260 _bCalifornia State University, Long Beach.
_c2016
650 _aMARKETING MANAGEMENT
856 _uhttp://pqdtopen.proquest.com/doc/1803938545.html?FMT=ABS
999 _c304781
_d304781